| 000 | 00966nam a22002177a 4500 | ||
|---|---|---|---|
| 999 |
_c19387 _d19387 |
||
| 003 | AR-CdUCM | ||
| 008 | 190513b ||||| |||| 00| 0 spa d | ||
| 020 | _a84-291-4226-6 | ||
| 040 |
_aMUNICIPALIDAD PROVINCIAL DEL CUSCO _cBIBLIOTECA MUNICIPAL DEL CUSCO |
||
| 082 |
_a530 / _bF54 |
||
| 110 |
_aNuffield Foundation _940698 |
||
| 245 |
_aFísica básica Nauffield : _bGuía de experimentos / |
||
| 260 |
_aBarcelona : _bReverte, _c1975. |
||
| 300 |
_aXXIV, 405 páginas ; _bfiguras, gráficos, ilustraciones, _c23 cm. |
||
| 505 | _aContenido: t.4: Fotografía multiflash -- Revelado de películas en el laboratorio -- Instrucciones sobre el uso de las osciloscopios de demostración -- Instrucciones sobre el uso de osciloscopio de clase -- Detalle sobre el uso del escalimetro como dispositivo para medir el tiempo... | ||
| 650 |
_aMateria _9883 |
||
| 650 |
_aFísica _92382 |
||
| 650 |
_aEscalimetro _940699 |
||
| 942 |
_2ddc _cLIBROS |
||
| 945 |
_awnts _d2019-05-17 |
||